Moderné trendy vo vnútropodnikovom manažmente výroby diplomová práca

Enregistré dans:
Détails bibliographiques
Auteur principal: Ďuriš, Erik
Collectivité auteur: Fakulta podnikového manažmentu EU. Katedra manažmentu výroby a logistiky - zrušená
Autres auteurs: Richnák, Patrik, 1988-
Format: Livre
Langue:slovaque
Publié: Bratislava 2020
Tags: Ajouter un tag
Pas de tags, Soyez le premier à ajouter un tag!

MARC

LEADER 00000nbm a2200000 4500
001 0266113
005 20201123090914.1
041 0 |a slo 
044 |a SK 
245 1 0 |a Moderné trendy vo vnútropodnikovom manažmente výroby  |b diplomová práca  |c Erik Ďuriš ; školiteľ: Patrik Richnák 
264 1 |a Bratislava  |c 2020 
300 |a 71 s. 
100 1 |a Ďuriš, Erik 
700 1 |a Richnák, Patrik, 1988- 
710 2 |a Fakulta podnikového manažmentu EU. Katedra manažmentu výroby a logistiky - zrušená